000 01160nam a2200241Ia 4500
003 OSt
005 20210610150246.0
008 210310s2011 ck o gr 00010 spa d
020 _a9789588447711
040 _aCO-JMCR
_cCO-JMCR
041 0 _aspa
082 0 4 _a331.880986 /
_bP964r
_223
110 1 _aPrograma de las Naciones Unidas para el Desarrollo.
_93154
245 1 0 _aReconocer el pasado :
_bconstruir el futuro informe sobre violencia contra sindicalistas y trabajadores sindicalizados 1984-2011 /
_cPrograma de las Naciones Unidas para el Desarrollo.
260 _aBogotá :
_bPNUD Colombia,
_c2011.
300 _a233 páginas :
_bilustraciones, fotografías y gráficas en blanco y negro ;
_c28 m. +
_e1 CD.
504 _aBibliografía: páginas 212-216.
505 0 _aEl contexto del problema. -- Fuentes, cifras y tendencias. -- Caracterización de las victimas y las acciones violentas a partir de las fuentes. -- Autores y movimientos. -- El reto del estado ante la situación de violencia.
650 1 4 _aSindicalismo
_938337
650 2 4 _aEvolución sindical
_938338
650 2 4 _aAcciones violentas
_xSindicalismo
_938339
942 _2ddc
_cBK
999 _c11875
_d11875